| 000 | 00841cab a2200265 4500 | ||
|---|---|---|---|
| 001 | WB2902-58 | ||
| 008 | 090401t1993 xxu||||| |||| 00| 0 eng d | ||
| 035 | _a(Sirsi) u25725 | ||
| 041 | _aeng | ||
| 245 | _aTelecommunications control | ||
| 260 | _c1993 | ||
| 350 | _a0 | ||
| 490 |
_aPlanning (for the Natural and Built Environment) _v(1000) 8 January 1993, 4(1) |
||
| 520 | _aNew controls on telecommunications development have come into force this week and advice is offered in the new edition of Planning Policy Guidance Note 8. | ||
| 650 | _aANTENNAE | ||
| 650 | _aPERMITTED DEVELOPMENT | ||
| 650 | _aPLANNING CONTROL | ||
| 650 | _aPLANNING POLICY GUIDANCE NOTE 8 | ||
| 650 | _aPPG8 | ||
| 650 | _aRADIO MASTS | ||
| 650 | _aSATELLITE DISHES | ||
| 690 | _aPLANNING LAW AND PRACTICE | ||
| 942 | _n0 | ||
| 948 | _c04/03/1997 | ||
| 999 |
_c17289 _d17289 |
||